Statistics for Name every Love Live songs part 1

Click here to take the quiz!

General Stats

  • This quiz has been taken 7 times
    (4 since last reset)
  • The average score is 198 of 314

Answer Stats

HintAnswer% Correct
Nico
Rin
Hanayo
after school NAVIGATORS
100%
µ'sAishiteru Banzai!
100%
HonokaAi wa Taiyou Ja Nai?
100%
lily whiteAki no Anata no Sora Tooku
100%
Kotori
Umi
Anemone Heart
100%
µ'sAngelic Angel
100%
lily whiteA-NO-NE-GA-N-BA-RE!
100%
µ'sArashi no Naka no Koi dakara
100%
EliArifureta Kanashimi no Hate
100%
µ'sA song for You! You? You!!
100%
µ'sbaby maybe Koi no Button
100%
Rin
Maki
Beat in Angel
100%
lily whiteBinetsu Kara Mystery
100%
KotoriBlueberry♥Train
100%
µ'sBokura no LIVE Kimi to no LIFE
100%
µ'sBokura wa Ima no Naka de
100%
µ'sBokutachi wa Hitotsu no Hikari
100%
PrintempsCheerDay CheerGirl!
100%
µ'sCOLORFUL VOICE
100%
BiBiCutie Panther
100%
µ'sDancing stars on me!
100%
MakiDaring!!
100%
µ'sDatte Datte Aa Mujou
100%
BiBiDiamond Princess no Yuuutsu
100%
µ'sDonna Toki mo Zutto
100%
µ'sDreamin' Go! Go!!
100%
PrintempsEien Friends
100%
µ'sENDLESS PARADE
100%
lily whiteFutari Happiness
100%
Honoka
Kotori
Umi
Future Style
100%
BiBiFuyu ga Kureta Yokan
100%
AqoursGAME ON!
100%
Nozomi
Eli
Garasu no Hanazono
100%
AqoursGenjitsu Mysterium
100%
NicoHane wa Shitte Shimatta no?
100%
µ'sHappy maker!
100%
Nico
Nozomi
Eli
?←HEARTBEAT
100%
µ'sHEART to HEART!
100%
Rin
Hanayo
Maki
Hello, Hoshi o Kazoete
100%
Yohane
Riko
Mari
Hey, dear my friends
100%
MakiHimitsu to Hanazono
100%
NozomiI'll smile for yours
100%
NozomiJunai Lens
100%
µ'sKaguya no Shiro de Odoritai
100%
lily whiteKimi no Kuse ni!
100%
µ'sKiRa-KiRa Sensation!
100%
µ'sKitto Seishun ga Kikoeru
100%
HanayoKodoku na Heaven
100%
HanayoKodoku no Kairou
100%
RinKoi no Signal Rin rin rin!
100%
Kotori
Hanayo
Kokuhaku Biyori, desu!
100%
µ'sKorekara
100%
µ'sKorekara no Someday
100%
RinKururin MIRACLE
100%
Nico
Rin
Hanayo
Listen to my heart!!
100%
µ'sLONELIEST BABY
100%
µ'sLOVELESS WORLD
100%
PrintempsLove marginal
100%
BiBiLove Novels
100%
µ'sLove wing bell
100%
NicoMahoutsukai Hajimemashita!
100%
µ'sMermaid festa vol.1
100%
Honoka
Rin
Mermaid festa vol.2 ~Passionate~
100%
µ'sMi wa µ'sic no Mi
100%
µ'sMogyutto "love" de Sekkin Chuu!
100%
µ'sMOMENT RING
100%
NozomiMoshimo Kara Kitto
100%
HonokaMou Hitori Ja Nai yo
100%
PrintempsMUSEUM de Dou Shitai?
100%
µ'sMusic S.T.A.R.T!!
100%
µ'sNatsuiro Egao de 1,2,Jump!
100%
BiBiNatsu, Owaranai de
100%
µ'sNatte Shimatta!
100%
HanayoNawatobi
100%
PrintempsNightingale Love Song
100%
NicoNiko puri♥Joshi dou
100%
µ'sNo brand girls
100%
PrintempsNO EXIT ORION
100%
µ'sOh,Love&Peace!
100%
lily whiteOmoide Ijou ni Naritakute
100%
lily whiteOnaji Hoshi ga Mitai
100%
lily whiteOtohime Heart de Love Kyuuden
100%
Nico
Nozomi
Otome Shiki Ren'ai Juku
100%
µ'sParadise Live
100%
A-RISEPrivate Wars
100%
BiBiPSYCHIC FIRE
100%
PrintempsPure girls project
100%
PrintempsPuwa Puwa-O!
100%
µ'sRuteshi Kisuki Shiteru
100%
BiBiSaitei de Saikou no Paradiso
100%
BiBiSakkaku CROSSROADS
100%
µ'sSayounara e Sayonara!
100%
HonokaSenkou Resolution
100%
µ'sSENTIMENTAL StepS
100%
µ'sShangri-La Shower
100%
HonokaShiawase Iki no SMILING!
100%
lily whiteShiranai Love*Oshiete Love
100%
A-RISEShocking Party
100%
lily whiteShunjou Romantic
100%
BiBiSilent tonight
100%
µ'sSnow Halation
100%
Umi
Maki
Eli
soldier game
100%
HonokaSomeday of my life
100%
µ'sSore wa Bokutachi no Kiseki
100%
µ'sSoshite Saigo no Page ni wa
100%
KotoriSpicaterrible
100%
µ'sSTART:DASH!!
100%
Umi
Eli
Storm in Lover
100%
Kotori
Hanayo
Suki desu ga Suki desu ka?
100%
µ'sSUNNY DAY SONG
100%
µ'sSuper LOVE=Super LIVE!
100%
Honoka
Kotori
Umi
Susume→Tomorrow
100%
Printempssweet&sweet holiday
100%
µ'sTakaramonozu
100%
BiBiTrouble Busters
100%
PrintempsUNBALANCED LOVE
100%
PrintempsWAO-WAO Powerful day!
100%
UmiWatashitachi wa Mirai no Hana
100%
µ'sWILD STARS
100%
µ'sWonderful Rush
100%
µ'sWonder zone
100%
HonokaYume Naki Yume wa Yume ja nai
100%
µ'sYume no Tobira
100%
µ'sYuujou No Change
100%
UmiYuuki no Reason
100%
Nico
Maki
Zurui yo Magnetic today
100%
AqoursAozora Jumping Heart
67%
AqoursAqours☆HEROES
67%
AqoursAqours Pirates Desire
67%
Saint Aqours
Snow
Awaken the power
67%
AqoursBokura no Hashittekita Michi wa...
67%
AqoursBouken Type A, B, C!!
67%
AqoursBrightest Melody
67%
Chika
You
Riko
Daisuki dattara Daijoubu!
67%
AqoursDance with Minotaurus
67%
AqoursDaydream Warrior
67%
AqoursDeep Resonance
67%
AqoursDREAMY COLOR
67%
You
Yoshiko
Ruby
Fabotage
67%
AqoursFantastic Departure!
67%
AqoursHAPPY PARTY TRAIN
67%
AqoursHop・Step・Waai!
67%
AqoursHop? Stop? Nonstop!
67%
AqoursHumming Friend
67%
Chika
Ayumu
Kanon
Kaho
Uzuki
Shizuka
Kogane
Ijigen★♥BIGBANG
67%
AqoursJingle Bells ga Tomaranai
67%
µ'sKakumei desu ne? Kamisama!
67%
EliKaku mo Yuubi na Hi to Narite
67%
Chika
You
Riko
Kimeta yo Hand in Hand
67%
AqoursKimi no Hitomi o Meguru Bouken
67%
AqoursKimi no Kokoro wa Kagayaiteru kai?
67%
AqoursKiseki Hikaru
67%
AqoursKoi ni Naritai AQUARIUM
67%
AqoursKOKORO Magic "A to Z"
67%
AqoursLanding action Yeah!!
67%
Aqours
Nijigasaki
Liella
LIVE with a smile!
67%
AqoursMattete Ai no Uta
67%
AqoursMijuku DREAMER
67%
AqoursMIRACLE WAVE
67%
AqoursMirai no Bokura wa Shitteru yo
67%
AqoursMIRAI TICKET
67%
AqoursMitaiken HORIZON
67%
Aqours"MY LIST" to you!
67%
AqoursMY Mai☆TONIGHT
67%
UmiNEURON, NEURON!!
67%
AqoursNext SPARKLING!!
67%
AqoursNo.10
67%
AqoursOmoi yo Hitotsu ni Nare
67%
Saint Aqours
Snow
Over The Next Rainbow
67%
AqoursPops heart de Odorun damon!
67%
AqoursSeinaru Hi no Inori
67%
AqoursShoujo Ijou no Koi ga Shitai
67%
AqoursSKY JOURNEY
67%
Aqourssmile smile ship Start!
67%
AqoursStep! ZERO to ONE
67%
AqoursSunshine Pikkapika Ondo
67%
AqoursTaiyou o Oikakero!
67%
AqoursThank you, FRIENDS!!
67%
AqoursThrilling・One Way
67%
AqoursTodokanai Hoshi da to Shitemo
67%
AqoursWake up, Challenger!!
67%
AqoursWATER BLUE NEW WORLD
67%
AqoursWONDERFUL STORIES
67%
AqoursYume de Yozora o Terashitai
67%
AqoursYume Kataru yori Yume Utaou
67%
AqoursYuuki wa doko ni? Kimi no Mune ni!
67%
Ruby1STAR
33%
Saint SnowAfter The Rain
33%
RubyAikotoba
33%
HanamaruAkogare Ranraran
33%
AZALEAAmazing Travel DNA
33%
YouAo no Aurora
33%
CYaRon!Aru Hi... Eien Mitai ni!
33%
AqoursBANZAI! digital trippers
33%
YouBeginner's Sailing
33%
Saint SnowBelieve Again
33%
CYaRon!CHANGELESS
33%
RubyCotton Candy Ei-Ei-Oh!
33%
Saint SnowCRASH MIND
33%
Saint SnowDazzling White Town
33%
Guilty KissDeep Sea Cocoon
33%
CYaRon!Dragon Riders
33%
Saint SnowDROPOUT!?
33%
YohaneFar far away
33%
AZALEAGALAXY HidE and SeeK
33%
AqoursGEMSTONE "DE-A-I"
33%
CYaRon!Genki Zenkai DAY! DAY! DAY!
33%
Mari
Kanan
Dia
G Senjou no Cinderella
33%
Guilty KissGuilty Eyes Fever
33%
Guilty KissGuilty!? Farewell party
33%
Guilty KissGuilty Night, Guilty Kiss!
33%
Hanamaru
Ruby
Yoshiko
Hajimari Road
33%
AZALEAINNOCENT BIRD
33%
YoshikoIn this unstable world
33%
You
Yoshiko
Jimo Ai ♡ Mantan ☆ Summer Life
33%
AqoursJump up HIGH!!
33%
AqoursKA-GA-YA-KI-RA-RI-RA
33%
CYaRon!Kaigandoori de Matteru yo
33%
AqoursKimi no Tame Boku no Tame
33%
CYaRon!Kinmirai Happy End
33%
RinKoko de Matteru yo
33%
Guilty KissKowareyasuki
33%
AqoursKU-RU-KU-RU Cruller!
33%
AZALEAKuuchuu Ren'ai Ron
33%
Saint SnowLonely Snow Planet
33%
AZALEALONELY TUNING
33%
MariLove is all, I sing love is all!
33%
Guilty KissLove Pulsar
33%
RikoLove Spiral Tower
33%
Ruby
Dia
Manatsu wa Dare no Mono?
33%
Chika
You
Riko
Marine Border Parasol
33%
MariMata Kimi ni Aunda
33%
AZALEAMaze Sekai
33%
YoshikoMeimei Tantei Yohane
33%
AZALEAMetamorphism
33%
RikoMinamo ni Piano
33%
Riko
You
Misty Frosty Love
33%
KananMotto ne!
33%
DiaMOTTO-ZUTTO be with you
33%
Guilty KissNameless Love Song
33%
AqoursNamida×
33%
Kanan MariNamida ga Yuki ni Naru Mae ni
33%
ChikaNamioto Refrain
33%
Riko
Hanamaru
Mari
Natsu e no Tobira Never end ver.
33%
Chika
Kanan
Natsu no Owari no Amaoto ga
33%
ChikaNever giving up!
33%
Guilty KissNew Romantic Sailors
33%
MariNew winding road
33%
ChikaOKAWARI Happy life!
33%
ChikaOne More Sunshine Story
33%
HanamaruOyasuminasan!
33%
YouParadise Chime
33%
DiaPerfect Sekai
33%
Guilty KissPhantom Rocket Adventure
33%
AZALEAPHOENIX DANCE
33%
RikoPianoforte Monologue
33%
CYaRon!P.S. no Mukougawa
33%
DiaPure heart Pure wish
33%
RikoPURE PHRASE
33%
RubyRED GEM WINK
33%
KananRUN KAKERU RUN
33%
KananSakana ka Nanda ka?
33%
CYaRon!Sakura Bye Bye
33%
Saint SnowSELF CONTROL
33%
KananSentimental Lemonade
33%
Guilty KissShadow gate to love
33%
MariShiny Racers
33%
Guilty KissShooting Star Warrior
33%
AqoursSORA, FUJI, SUNSHINE!
33%
Chika
You
Riko
Sora mo Kokoro mo Hareru kara
33%
Guilty KissStrawberry Trapper
33%
YoshikoTatehoko Tsubasa
33%
AZALEATokimeki Bunruigaku
33%
AZALEATorikoriko PLEASE!!
33%
YouTotsuzen GIRL
33%
Mari
Kanan
Dia
Tousou Meisou Mobius Loop
33%
HanamaruTSUBOMI SEASON
33%
Hanamaru
Ruby
Yoshiko
Waku-Waku-Week!
33%
AZALEAWe'll get the next dream!!!
33%
DiaWHITE FIRST LOVE
33%
CYaRon!Yozora wa Nandemo Shitteru no?
33%
AqoursYume + Mirai = Mugendai
33%
Dia
Ruby
Chika
Be as one!!!
0%
Dia
Mari
Best wishes
0%
CYaRon!Braveheart Coaster
0%
AqoursCYaZALEA☆Kiss☆DADANDAAAN
0%
AqoursDeep Blue
0%
YohaneForever U & I
0%
AqoursFuture flight
0%
YohaneGIRLS!!
0%
Aqoursi-n-g, I TRY!!
0%
AqoursJIMO-AI Dash!
0%
Hanamaru
Ruby
Kimochi mo Yume mo Issho da ne!
0%
CYaRon!Kodoku・Teleport
0%
AqoursKokoro no Hane yo Kimi e Tondeke!
0%
Riko
Ruby
Koukishin Journey
0%
AqoursLa la Yuuki no Uta
0%
YoshikoMABOROSHI wing
0%
AqoursNando Datte Yakusoku
0%
Aqoursnot ALONE not HITORI
0%
Chika
Dia
Yoshiko
Party! Party! PaPaPaParty!
0%
Hanamaru
You
Kanan
R・E・P
0%
AqoursSILENT PAIN
0%
AZALEASotsugyou desu ne
0%
Chika
You
Kanan
Special Holidays
0%
AqoursSUKI for you, DREAM for you!
0%
YohaneTe・ki・na Music
0%
Yohane
Hanamaru
Tick-Tack, Tick-Tack
0%
You
Yoshiko
Ruby
Waai WaiWai WaiWaiWai!
0%
CYaRon!Whistle of Revolution
0%
AqoursWonder sea breeze
0%
HanamaruYaa! Kouunryuusui?
0%
Mari
Kanan
Dia
Yosoku Fukanou Driving!
0%
KotoriYume☆ONCE AGAIN
0%

Score Distribution

Percentile by Number Answered

Percent of People with Each Score

Your Score History

You have not taken this quiz since the last reset